| 000 | 00674nam a22002777a 4500 | ||
|---|---|---|---|
| 005 | 20251008131533.0 | ||
| 008 | 251008b2001 |||||||| |||| 00| 0 spa d | ||
| 020 | _a997794914X | ||
| 041 | _aESP | ||
| 082 | _aCR 863.4 G216m | ||
| 100 | _aGarcía Monge, Joaquín | ||
| 245 | _aEl moto | ||
| 260 | _aCosta Rica | ||
| 260 | _bLehmann Editores | ||
| 260 | _c2001 | ||
| 300 | _a64 páginas | ||
| 490 | _aTemática General | ||
| 650 | _aNOVELA COSTARRICENSE | ||
| 650 | _aLITERATURA COSTARRICENSE | ||
| 650 | _aHUÉRFANO | ||
| 650 | _aAMOR IMPOSIBLE | ||
| 650 | _aCLASES SOCIALES | ||
| 650 | _aPOBREZA | ||
| 650 | _aMATRIMONIO ARREGLADO | ||
| 942 |
_2ddc _cBK |
||
| 999 |
_c13832 _d13832 |
||